A Prágai Magyar Akademikusok Köre évkönyve 1931-1932

Elmentve itt :
Bibliográfiai részletek
További közreműködők: Orbán László
Dokumentumtípus: Könyv
Megjelent: 1931
Kulcsszavak:Tudomány - magyar - évkönyv, Tudomány - tanulmányok
Online Access:http://misc.bibl.u-szeged.hu/46185
LEADER 00541nam a2200157 i 4500
001 misc46185
005 20191207084201.0
008 190415s1931 hu o 0|| zxx d
040 |a SZTE Miscellanea Repozitórium  |b hun 
041 |a zxx 
245 0 2 |a A Prágai Magyar Akademikusok Köre évkönyve   |h [elektronikus dokumentum] :  |b 1931-1932 
260 |c 1931 
300 |a 272 
695 |a Tudomány - magyar - évkönyv, Tudomány - tanulmányok 
700 0 1 |a Orbán László 
856 4 0 |u http://misc.bibl.u-szeged.hu/46185/1/xc_106959.pdf  |z Dokumentum-elérés